000 00561nam a2200217Ia 4500
001 26674
003 AR-BaAGN
005 20231116141915.0
007 ta
008 211213s1912 xx |||||||||||||| ||ita d
040 _dAR-BaAGN
_aAR-BaAGN
_bspa
_eaacr
100 _aCavallotti, Felice
245 1 0 _aVersi /
_cFelice Cavallotti
260 _a[Lugar de publicación no identificado] :
_bS. Giovanni,
_c1912.
300 _a251 pƔginas
336 _2rdacontent
_btxt
337 _2rdamedia
_bn
338 _2rdacarrier
_bnc
942 _cLIBRO
999 _c26674
_d26674